|
|
|
|
| LEADER |
01056nam a2200253 i 4500 |
| 001 |
c000150570 |
| 003 |
CARM |
| 005 |
00000000000000.0 |
| 008 |
790430s1977 enka b 00000 eng d |
| 019 |
1 |
|
|a 2276636
|z 45966692
|z 40708912
|z 23382915
|z 53461924
|z 53812891
|z 54896653
|z 57682026
|5 LACONCORD2021
|
| 035 |
|
|
|a (OCoLC)13061436
|5 LACONCORD2021
|
| 245 |
0 |
0 |
|a Monitoring environmental change by remote sensing /
|c edited by J.L.van Genderen and W.G.Collins.
|
| 260 |
|
|
|a [Birmingham] :
|b Remote Sensing Socety,
|c 1977.
|
| 300 |
|
|
|a 78p. :
|b ill.
|
| 504 |
|
|
|a Includes bibliographical references.
|
| 650 |
|
0 |
|a Environmental monitoring
|x Remote sensing.
|
| 650 |
|
0 |
|a Remote sensing.
|
| 700 |
1 |
1 |
|a Collins, W. G.
|
| 700 |
1 |
1 |
|a Van Genderen, J. L.
|
| 710 |
2 |
0 |
|a Remote Sensing Society (Great Britain)
|
| 852 |
8 |
|
|b CARM
|h A3:AB03C0
|i D01830
|p 0094853
|f BK
|
| 082 |
0 |
4 |
|a 621.3/7/7
|
| 999 |
f |
f |
|i c0c8c56f-0c6c-57a3-9800-4ac7590123cc
|s 1a167ffa-2285-5b30-8b7e-108da452c359
|
| 952 |
f |
f |
|p Can circulate
|a CAVAL
|b CAVAL
|c CAVAL
|d CARM 1 Store
|e D01830
|f A3:AB03C0
|h Other scheme
|i book
|m 0094853
|